[Event "Benidorm 2003 - sub2300"]
[Site "Benidorm ESP"]
[Date "2003.11.22"]
[Round "2.4"]
[White "Le Pape, Valery"]
[Black "Ferron Garcia, Carlos"]
[Result "0-1"]
[WhiteElo "2180"]
[BlackElo "2279"]
[PlyCount "52"]
[EventDate "2003.11.21"]
[EventType "swiss"]
[EventRounds "9"]
[EventCountry "ESP"]
[Source "lmi"]
[SourceDate "2003.11.21"]

1. c4 e5 2. g3 Nf6 3. Bg2 d5 4. cxd5 Nxd5 5. Nf3 Nc6 6. O-O Nb6 7. d3 Be7 8.
Nbd2 O-O 9. a3 Be6 10. b4 g6 11. Bb2 f6 12. Rc1 Qd7 13. Qc2 Bh3 14. Ne4 Bxg2
15. Kxg2 Nd5 16. Nc5 Bxc5 17. Qxc5 Rad8 18. Rfd1 Rfe8 19. e4 Nf4+ 20. gxf4 Qg4+
21. Kf1 Qxf3 22. Qc4+ Kh8 23. f5 Rd4 24. Bxd4 Nxd4 25. Kg1 Ne2+ 26. Kf1 Nf4 0-1

[Event "Benidorm 2003 - sub2300"]
[Site "Benidorm ESP"]
[Date "2003.11.22"]
[Round "2.5"]
[White "Mollero, Michele"]
[Black "Goormachtigh, Johan"]
[Result "1/2-1/2"]
[WhiteElo "2179"]
[BlackElo "2266"]
[PlyCount "91"]
[EventDate "2003.11.21"]
[EventType "swiss"]
[EventRounds "9"]
[EventCountry "ESP"]
[Source "lmi"]
[SourceDate "2003.11.21"]

1. d4 Nf6 2. c4 g6 3. Nc3 d5 4. g3 Bg7 5. Bg2 dxc4 6. Qa4+ Nfd7 7. Be3 O-O 8.
Qxc4 Nb6 9. Qd3 Bf5 10. Be4 Bxe4 11. Nxe4 Nc6 12. Nf3 e5 13. Rd1 exd4 14. Nxd4
Nxd4 15. Bxd4 Bxd4 16. Qxd4 Qxd4 17. Rxd4 Rfd8 18. Rxd8+ Rxd8 19. e3 Nc4 20. b3
Ne5 21. Ke2 f5 22. Nc5 b6 23. Ne6 Rd6 24. Nd4 a6 25. Rc1 c5 26. Nc2 b5 27. Ne1
Rd5 28. h3 Kf7 29. f3 Ke7 30. g4 a5 31. Ng2 Nd3 32. Rc3 Nb4 33. Nf4 Re5 34. a3
Nd5 35. Nxd5+ Rxd5 36. e4 fxe4 37. fxe4 Re5 38. Ke3 Kd6 39. Rd3+ Kc6 40. Rd8 a4
41. Kf4 Re7 42. Rc8+ Kb6 43. Rb8+ Kc6 44. Rc8+ Kb6 45. Rb8+ Kc6 46. Rc8+
1/2-1/2

[Event "Benidorm 2003 - sub2300"]
[Site "Benidorm ESP"]
[Date "2003.11.22"]
[Round "2.6"]
[White "Varga, Mariano"]
[Black "Sanchez Criado, Lluis"]
[Result "1/2-1/2"]
[WhiteElo "2266"]
[BlackElo "2180"]
[PlyCount "80"]
[EventDate "2003.11.21"]
[EventType "swiss"]
[EventRounds "9"]
[EventCountry "ESP"]
[Source "lmi"]
[SourceDate "2003.11.21"]

1. e4 c6 2. d4 d5 3. exd5 cxd5 4. c4 Nf6 5. Nc3 Nc6 6. Bg5 e6 7. c5 Be7 8. Bb5
Bd7 9. Nf3 Ne4 10. Bxe7 Qxe7 11. Bxc6 Bxc6 12. Qc2 O-O 13. O-O Rfc8 14. b4 b6
15. Ne5 Nxc3 16. Nxc6 Rxc6 17. Qxc3 e5 18. Rfe1 exd4 19. Qxd4 Re6 20. Rxe6 Qxe6
21. Rd1 Rd8 22. h3 Qc6 23. Rd3 bxc5 24. bxc5 f6 25. h4 Rd7 26. h5 h6 27. Rb3
Rb7 28. Rxb7 Qxb7 29. Qf4 Qd7 30. Qb8+ Kf7 31. Qa8 Ke6 32. f4 f5 33. Qf8 d4 34.
Kf2 d3 35. Qg8+ Kf6 36. Qc4 d2 37. Qc3+ Ke6 38. Qe3+ Kf6 39. Qc3+ Ke6 40. Qe3+
Kf6 1/2-1/2

[Event "Benidorm 2003 - sub2300"]
[Site "Benidorm ESP"]
[Date "2003.11.22"]
[Round "2.7"]
[White "Strekalovski, Viktor"]
[Black "Manea, Alexandru"]
[Result "0-1"]
[WhiteElo "2177"]
[BlackElo "2265"]
[PlyCount "74"]
[EventDate "2003.11.21"]
[EventType "swiss"]
[EventRounds "9"]
[EventCountry "ESP"]
[Source "lmi"]
[SourceDate "2003.11.21"]

1. e4 g6 2. d4 Bg7 3. Nc3 d6 4. Bc4 a6 5. Qf3 e6 6. Be3 b5 7. e5 d5 8. Bb3 Bb7
9. Nge2 Nd7 10. Nd1 c5 11. c3 Qc7 12. Bf4 a5 13. Rc1 Qb6 14. a3 Ne7 15. h4 h6
16. Qh3 Ba6 17. Be3 Nf5 18. g4 Nxe3 19. Qxe3 Rc8 20. f4 h5 21. Nf2 Ke7 22. f5
cxd4 23. f6+ Nxf6 24. Nxd4 Nd7 25. Nd3 b4 26. Ba4 Bxd3 27. Bxd7 Kxd7 28. Qxd3
Bxe5 29. Rf1 Ke7 30. Nf3 Bf4 31. Nd4 Bxc1 32. Qf3 Rhf8 33. Qf6+ Ke8 34. gxh5
Bxb2 35. Rf4 Bxc3+ 36. Kf1 gxh5 37. axb4 axb4 0-1

[Event "Benidorm 2003 - sub2300"]
[Site "Benidorm ESP"]
[Date "2003.11.22"]
[Round "2.8"]
[White "Madina, Martin"]
[Black "Stockmann, Helmut"]
[Result "1-0"]
[WhiteElo "2262"]
[BlackElo "2171"]
[PlyCount "39"]
[EventDate "2003.11.21"]
[EventType "swiss"]
[EventRounds "9"]
[EventCountry "ESP"]
[Source "lmi"]
[SourceDate "2003.11.21"]

1. d4 Nf6 2. Nf3 e6 3. Bg5 c5 4. e3 Be7 5. Nbd2 d5 6. c3 O-O 7. Bd3 Nbd7 8. O-O
h6 9. Bh4 Re8 10. Qb1 Qc7 11. b4 cxb4 12. cxb4 e5 13. Bb5 e4 14. Ne5 Rd8 15.
Bg3 Bd6 16. Rc1 Qb8 17. Qb2 Nh5 18. Rxc8 Qxc8 19. Rc1 Qb8 20. Nxd7 1-0

[Event "Benidorm 2003 - sub2300"]
[Site "Benidorm ESP"]
[Date "2003.11.22"]
[Round "2.9"]
[White "Penillas Mendez, Ismael"]
[Black "De la Fuente Gonzalez, Francisco"]
[Result "0-1"]
[WhiteElo "2176"]
[BlackElo "2260"]
[PlyCount "72"]
[EventDate "2003.11.21"]
[EventType "swiss"]
[EventRounds "9"]
[EventCountry "ESP"]
[Source "lmi"]
[SourceDate "2003.11.21"]

1. e4 e5 2. Nf3 Nf6 3. Nc3 Bb4 4. Bc4 Nc6 5. Nd5 Bc5 6. c3 Nxe4 7. d4 exd4 8.
cxd4 Bb4+ 9. Kf1 O-O 10. Qd3 Re8 11. a3 Ba5 12. b4 Bb6 13. h4 d6 14. Ng5 Bxd4
15. Ra2 Bf5 16. g4 Nxg5 17. gxf5 Ne4 18. b5 Bxf2 19. Rxf2 Nxf2 20. Kxf2 Ne5 21.
Qc2 c6 22. bxc6 bxc6 23. Nf4 Qb6+ 24. Kg3 Nxc4 25. Qxc4 Rab8 26. Kg4 d5 27. Qc3
Re4 28. Rh3 Rc4 29. Qe1 Qb1 30. Re3 h5+ 31. Kg5 Rxc1 32. Qf2 Rg1+ 33. Rg3 Rxg3+
34. Qxg3 Rb3 35. Qg2 Qe4 36. Qa2 Rg3+ 0-1

[Event "Benidorm 2003 - sub2300"]
[Site "Benidorm ESP"]
[Date "2003.11.22"]
[Round "2.10"]
[White "Mogranzini, Roberto"]
[Black "De la Cruz Sanchez, C Gustavo"]
[Result "1/2-1/2"]
[WhiteElo "2172"]
[BlackElo "2259"]
[PlyCount "45"]
[EventDate "2003.11.21"]
[EventType "swiss"]
[EventRounds "9"]
[EventCountry "ESP"]
[Source "lmi"]
[SourceDate "2003.11.21"]

1. e4 e6 2. d4 d5 3. Nd2 c5 4. exd5 exd5 5. Ngf3 Nc6 6. Be2 Bd6 7. O-O Nge7 8.
dxc5 Bxc5 9. Nb3 Bd6 10. h3 O-O 11. Nbd4 a6 12. Be3 Ng6 13. Qd2 Bc7 14. Rfd1
Qd6 15. c4 dxc4 16. Bxc4 Nge5 17. Nxe5 Nxe5 18. Be2 Nc6 19. Nf3 Qg6 20. Bd3 Qh5
21. Bf4 Ba5 22. Qe2 Bf5 23. Bxf5 1/2-1/2

[Event "Benidorm 2003 - sub2300"]
[Site "Benidorm ESP"]
[Date "2003.11.22"]
[Round "2.11"]
[White "Borras Duran, Pere"]
[Black "Martin Perez, Javier"]
[Result "0-1"]
[WhiteElo "2170"]
[BlackElo "2255"]
[PlyCount "90"]
[EventDate "2003.11.21"]
[EventType "swiss"]
[EventRounds "9"]
[EventCountry "ESP"]
[Source "lmi"]
[SourceDate "2003.11.21"]

1. d4 d5 2. Bf4 Nf6 3. e3 c5 4. c3 e6 5. Bd3 Be7 6. Nf3 Nbd7 7. h3 b6 8. O-O
Bb7 9. Nbd2 O-O 10. Ne5 Ne4 11. Ndf3 Nb8 12. Nh2 f6 13. Nef3 Ba6 14. Bxa6 Nxa6
15. Nd2 Nxd2 16. Qxd2 Nb8 17. Qe2 Nc6 18. Qg4 f5 19. Qg3 Bh4 20. Qf3 Kh8 21.
Rad1 Bf6 22. Qg3 Bh4 23. Qf3 Rf7 24. Qe2 Bf6 25. Nf3 Rc8 26. Rd2 Rd7 27. Rfd1
Qe7 28. Qa6 Rdd8 29. Qa4 g5 30. Be5 Rg8 31. c4 g4 32. hxg4 Rxg4 33. Nh2 Rh4 34.
f4 Bxe5 35. dxe5 d4 36. Nf3 Rg4 37. exd4 Nxd4 38. Nxd4 cxd4 39. Rxd4 Rcg8 40.
R1d2 Qh4 41. Qd1 Qh3 42. Kf1 Rxg2 43. Rxg2 Qxg2+ 44. Ke1 Qg1+ 45. Ke2 Rg2+ 0-1

[Event "Benidorm 2003 - sub2300"]
[Site "Benidorm ESP"]
[Date "2003.11.22"]
[Round "2.12"]
[White "Lacrosse, Marc"]
[Black "Aalbersberg Kroon, Pedro"]
[Result "1-0"]
[WhiteElo "2255"]
[BlackElo "2165"]
[PlyCount "129"]
[EventDate "2003.11.21"]
[EventType "swiss"]
[EventRounds "9"]
[EventCountry "ESP"]
[Source "lmi"]
[SourceDate "2003.11.21"]

1. d4 Nf6 2. c4 g6 3. Nc3 Bg7 4. e4 d6 5. Nf3 O-O 6. Be2 e5 7. dxe5 dxe5 8.
Qxd8 Rxd8 9. Bg5 Re8 10. O-O-O c6 11. Nxe5 Nxe4 12. Nxe4 Bxe5 13. Rhe1 Nd7 14.
Bf3 Re6 15. Re2 f6 16. Be3 Bc7 17. Bd4 f5 18. Nc3 Rxe2 19. Bxe2 Kf7 20. Kc2 Nf6
21. h3 Be6 22. b3 Nd7 23. Bf3 a6 24. Nd5 Be5 25. Be3 Rc8 26. Nf4 Nf6 27. Nd3
Nd7 28. Nxe5+ Nxe5 29. Be2 Re8 30. Kc3 Nd7 31. Bf3 Ne5 32. Be2 Nd7 33. Kd4 Kf6
34. h4 Kg7 35. Bf3 Kf7 36. Bf4 Nf6 37. Kc5 Ne4+ 38. Bxe4 fxe4 39. Kb6 Bc8 40.
Kc7 Ke7 41. Rd4 Kf6 42. Rd8 Rxd8 43. Kxd8 Bf5 44. Kc7 e3 45. Bxe3 Bb1 46. c5
Bxa2 47. b4 Bc4 48. Kxb7 Bb5 49. g4 Ke5 50. Kc7 Ke4 51. h5 Kd3 52. h6 Kc3 53.
g5 Kxb4 54. Kd6 Kc3 55. f4 Bd3 56. Kxc6 a5 57. Kd5 Bf5 58. Bd4+ Kd3 59. Be5 a4
60. Kd6 a3 61. Ke7 a2 62. Kf7 Ke4 63. Kg7 a1=Q 64. Bxa1 Kxf4 65. Bf6 1-0

[Event "Benidorm 2003 - sub2300"]
[Site "Benidorm ESP"]
[Date "2003.11.22"]
[Round "2.13"]
[White "Martin Martin, Luis Vicente"]
[Black "Remizov, Juri"]
[Result "1-0"]
[WhiteElo "2168"]
[BlackElo "2255"]
[PlyCount "47"]
[EventDate "2003.11.21"]
[EventType "swiss"]
[EventRounds "9"]
[EventCountry "ESP"]
[Source "lmi"]
[SourceDate "2003.11.21"]

1. e4 d5 2. exd5 Qxd5 3. Nc3 Qa5 4. Bc4 Nf6 5. d4 Nc6 6. Nf3 Bg4 7. Be3 e6 8.
O-O Bd6 9. Nb5 O-O-O 10. Nxd6+ Rxd6 11. Be2 Qh5 12. h3 e5 13. hxg4 Nxg4 14. Nh4
Nxe3 15. Bxh5 Nxd1 16. Raxd1 Nxd4 17. c3 Rh6 18. Bg4+ Kb8 19. Nf5 Nxf5 20. Bxf5
Ra6 21. Bb1 Rd6 22. Rfe1 g6 23. Rd3 Rhd8 24. Rxe5 1-0

[Event "Benidorm 2003 - sub2300"]
[Site "Benidorm ESP"]
[Date "2003.11.22"]
[Round "2.14"]
[White "Tebar Moreno, Juan Carlos"]
[Black "Alvarez Diaz, Victor Alfons"]
[Result "0-1"]
[WhiteElo "2254"]
[BlackElo "2162"]
[PlyCount "132"]
[EventDate "2003.11.21"]
[EventType "swiss"]
[EventRounds "9"]
[EventCountry "ESP"]
[Source "lmi"]
[SourceDate "2003.11.21"]

1. e4 d6 2. d4 Nf6 3. Nc3 g6 4. g3 Bg7 5. Bg2 O-O 6. Nf3 Nbd7 7. O-O c5 8. h3
cxd4 9. Nxd4 Nc5 10. Re1 a6 11. a4 Rb8 12. a5 Bd7 13. Nd5 Ne6 14. Be3 h6 15.
Nxf6+ Bxf6 16. Nxe6 Bxe6 17. Bxh6 Bxb2 18. Bxf8 Kxf8 19. Rb1 Bc3 20. Re3 Qxa5
21. Qd3 Ba2 22. Rd1 Rc8 23. e5 Bxe5 24. Bxb7 Bc4 25. Qa3 Rc5 26. Be4 Qb6 27.
Qa4 Be6 28. Kg2 d5 29. Bd3 d4 30. Rxe5 Rxe5 31. Qxa6 Qb4 32. Qa1 Qb7+ 33. Kh2
Rh5 34. Bf1 Bxh3 35. Bxh3 Qc8 36. g4 Qxg4 37. Rd3 Qf4+ 38. Kg1 Rg5+ 39. Bg2 Qe4
40. f3 Qe2 41. Qf1 Qxc2 42. Rxd4 Qc5 43. Qf2 Qc1+ 44. Kh2 Qc7+ 45. f4 Rh5+ 46.
Kg1 e5 47. Rb4 Qc1+ 48. Bf1 exf4 49. Rb8+ Kg7 50. Qd4+ Kh6 51. Qh8+ Kg5 52.
Qd8+ Kg4 53. Qc8+ Qxc8 54. Rxc8 Kg3 55. Bg2 f3 56. Rc3 Rf5 57. Ra3 g5 58. Rb3
g4 59. Bf1 Rc5 60. Ra3 f5 61. Rb3 f4 62. Ra3 Re5 63. Rb3 Re3 64. Rb7 f2+ 65.
Kh1 Re1 66. Rb3+ f3 0-1

[Event "Benidorm 2003 - sub2300"]
[Site "Benidorm ESP"]
[Date "2003.11.22"]
[Round "2.15"]
[White "Sanz Montarelo, Teodoro"]
[Black "Fenollar Jorda, Manuel"]
[Result "1/2-1/2"]
[WhiteElo "2160"]
[BlackElo "2251"]
[PlyCount "82"]
[EventDate "2003.11.21"]
[EventType "swiss"]
[EventRounds "9"]
[EventCountry "ESP"]
[Source "lmi"]
[SourceDate "2003.11.21"]

1. e4 e5 2. Nf3 Nc6 3. c3 d5 4. Bb5 dxe4 5. Nxe5 Qd5 6. Qa4 Nge7 7. f4 exf3 8.
Nxf3 a6 9. Be2 Ng6 10. d4 Bd7 11. Qd1 Bd6 12. O-O Nf4 13. Nbd2 O-O 14. Bc4 Qf5
15. Nh4 Qg5 16. g3 Rae8 17. Ndf3 Qg4 18. Kh1 Nh5 19. Qc2 Bxg3 20. Rg1 Ne7 21.
Qg2 Bxh4 22. Qxg4 Bxg4 23. Rxg4 Bf6 24. Bd2 c6 25. Rf1 Nd5 26. Ng5 b5 27. Bb3
Ne3 28. Bxe3 Rxe3 29. Ne4 Kh8 30. Rf5 Re8 31. Rxh5 R8xe4 32. Rxe4 Rxe4 33. Bxf7
g5 34. Bg6 Re1+ 35. Kg2 Kg7 36. Bxh7 Re2+ 37. Kf3 Rxb2 38. Be4 b4 39. Rh7+ Kg8
40. cxb4 Rxb4 41. Rc7 Bxd4 1/2-1/2

[Event "Benidorm 2003 - sub2300"]
[Site "Benidorm ESP"]
[Date "2003.11.22"]
[Round "2.16"]
[White "Kutuzov, Denis"]
[Black "Ilmoni, Tommy"]
[Result "1-0"]
[WhiteElo "2249"]
[BlackElo "2150"]
[PlyCount "49"]
[EventDate "2003.11.21"]
[EventType "swiss"]
[EventRounds "9"]
[EventCountry "ESP"]
[Source "lmi"]
[SourceDate "2003.11.21"]

1. e4 c6 2. d3 d5 3. Nd2 g6 4. g3 Bg7 5. Bg2 h5 6. Ngf3 Bg4 7. h3 Bxf3 8. Qxf3
e6 9. O-O Ne7 10. Qe2 Nd7 11. Rb1 Qc7 12. Nf3 dxe4 13. dxe4 e5 14. Be3 Nf8 15.
Rbd1 Ne6 16. h4 Rd8 17. c3 Qa5 18. Qc4 b5 19. Qb3 c5 20. Rxd8+ Kxd8 21. Bxc5
Nxc5 22. Qxf7 Rf8 23. Rd1+ Nd7 24. Qxg7 Rg8 25. Qxe5 1-0

[Event "Benidorm 2003 - sub2300"]
[Site "Benidorm ESP"]
[Date "2003.11.22"]
[Round "2.17"]
[White "Lopez Pereyra, Antonio"]
[Black "Rodriguez Gonzalez, Javier"]
[Result "0-1"]
[WhiteElo "2159"]
[BlackElo "2249"]
[PlyCount "58"]
[EventDate "2003.11.21"]
[EventType "swiss"]
[EventRounds "9"]
[EventCountry "ESP"]
[Source "lmi"]
[SourceDate "2003.11.21"]

1. e4 e6 2. d4 d5 3. e5 c5 4. c3 Qb6 5. Nf3 Bd7 6. a3 a5 7. Be2 a4 8. O-O Nc6
9. Bd3 cxd4 10. cxd4 Na5 11. Nc3 Nb3 12. Rb1 Nxc1 13. Qxc1 Be7 14. Qe3 Nh6 15.
h3 O-O 16. g4 Qa5 17. Nd2 f5 18. exf6 Rxf6 19. f4 Bd6 20. f5 exf5 21. g5 Rg6
22. Nxd5 Nf7 23. Nf4 Rxg5+ 24. Kh2 Re8 25. Qf2 b5 26. Rg1 Qc7 27. Rbf1 Qc6 28.
Rxg5 Nxg5 29. Bxf5 Rf8 0-1

[Event "Benidorm 2003 - sub2300"]
[Site "Benidorm ESP"]
[Date "2003.11.22"]
[Round "2.18"]
[White "Mihailovs, Jurijs"]
[Black "Alonso Moyano, Jonathan"]
[Result "1/2-1/2"]
[WhiteElo "2152"]
[BlackElo "2244"]
[PlyCount "93"]
[EventDate "2003.11.21"]
[EventType "swiss"]
[EventRounds "9"]
[EventCountry "ESP"]
[Source "lmi"]
[SourceDate "2003.11.21"]

1. d4 e6 2. c4 c5 3. d5 exd5 4. cxd5 d6 5. Nc3 g6 6. e4 Bg7 7. f4 Nf6 8. Nf3
O-O 9. Be2 b5 10. e5 dxe5 11. fxe5 Ng4 12. Bg5 f6 13. exf6 Bxf6 14. Qd2 Bxg5
15. Qxg5 b4 16. Ne4 Qb6 17. O-O c4+ 18. Kh1 Ne3 19. d6 Nd7 20. Qe7 Nf5 21.
Bxc4+ Kh8 22. Qe6 Ng7 23. Qd5 Bb7 24. Qd3 Bxe4 25. Qxe4 Qxd6 26. Rad1 Qc7 27.
Bb5 Nf6 28. Qxb4 Rab8 29. a4 a6 30. Qc4 Qa5 31. Bxa6 Rb4 32. Qd3 Qxa4 33. Qd6
Rbb8 34. Qa3 Qxa3 35. bxa3 Ra8 36. Rd6 Ne4 37. Rc6 Rf6 38. Bb7 Rb8 39. Rxf6
Nxf6 40. Bc6 Rb6 41. Rc1 Ne6 42. a4 Kg7 43. Bb5 Rb7 44. Kg1 Nc7 45. Bc6 Ra7 46.
h3 Kf7 47. Kf2 1/2-1/2

[Event "Benidorm 2003 - sub2300"]
[Site "Benidorm ESP"]
[Date "2003.11.22"]
[Round "2.19"]
[White "Angel Acosta, Juan Carlos"]
[Black "Gonzalez Aguirre, Luis"]
[Result "1-0"]
[WhiteElo "2151"]
[BlackElo "2241"]
[PlyCount "87"]
[EventDate "2003.11.21"]
[EventType "swiss"]
[EventRounds "9"]
[EventCountry "ESP"]
[Source "lmi"]
[SourceDate "2003.11.21"]

1. d4 Nf6 2. Nf3 e6 3. g3 b6 4. Bg2 Bb7 5. O-O c5 6. c3 Be7 7. b3 O-O 8. Bb2 d6
9. Re1 Nbd7 10. Nbd2 Ne4 11. Nxe4 Bxe4 12. Nh4 Bxg2 13. Nxg2 d5 14. e4 dxe4 15.
Rxe4 Nf6 16. Rf4 Nd5 17. Rf3 cxd4 18. Qxd4 Bf6 19. Qd2 Qe7 20. Rd1 Rfd8 21. Rd3
Nc7 22. Ne3 Rxd3 23. Qxd3 Rd8 24. Qc2 Rxd1+ 25. Qxd1 g6 26. Qd2 b5 27. c4 bxc4
28. bxc4 h5 29. Bxf6 Qxf6 30. Qa5 Ne8 31. Qxa7 Qa1+ 32. Kg2 Nf6 33. h4 Qb1 34.
Qd4 Qb7+ 35. f3 Nd7 36. a4 Qc6 37. a5 Nc5 38. Qd8+ Kg7 39. Qb6 Qc8 40. g4 Kh7
41. Qd6 hxg4 42. Nxg4 Nb7 43. Qe7 Nd8 44. Qf8 1-0

[Event "Benidorm 2003 - sub2300"]
[Site "Benidorm ESP"]
[Date "2003.11.22"]
[Round "2.21"]
[White "Panic, Nikola"]
[Black "Gomez Cerezo, Diego Jesus"]
[Result "1-0"]
[WhiteElo "2236"]
[BlackElo "2135"]
[PlyCount "85"]
[EventDate "2003.11.21"]
[EventType "swiss"]
[EventRounds "9"]
[EventCountry "ESP"]
[Source "lmi"]
[SourceDate "2003.11.21"]

1. e4 e5 2. Nf3 Nc6 3. Bb5 a6 4. Ba4 Nf6 5. O-O Be7 6. Re1 b5 7. Bb3 d6 8. c3
Bg4 9. a4 O-O 10. h3 Bh5 11. d3 Na5 12. Bc2 c5 13. Nbd2 Qc7 14. Nf1 Nc6 15. Bg5
Nxe4 16. Bxe7 Nxf2 17. Kxf2 Qxe7 18. Ng3 Bg6 19. d4 cxd4 20. cxd4 f5 21. dxe5
dxe5 22. Kg1 e4 23. Nh2 Rad8 24. Qe2 Nd4 25. Qf2 Qe5 26. Bb1 Nb3 27. Ba2 Rd3
28. Ngf1 Bf7 29. Rad1 Rfd8 30. Rxd3 Rxd3 31. axb5 axb5 32. Bxb3 Rxb3 33. Re2
Bc4 34. Nf3 Qf6 35. Nd4 Rb4 36. Rc2 f4 37. Qd2 f3 38. Ng3 fxg2 39. Kxg2 Bd5 40.
Qxb4 e3+ 41. Kh2 Bc4 42. Nxb5 e2 43. Qxc4+ 1-0

[Event "Benidorm 2003 - sub2300"]
[Site "Benidorm ESP"]
[Date "2003.11.22"]
[Round "2.22"]
[White "Palma Macias, Jose Alberto"]
[Black "Gonzalez Valero, Julio"]
[Result "0-1"]
[WhiteElo "2149"]
[BlackElo "2231"]
[PlyCount "106"]
[EventDate "2003.11.21"]
[EventType "swiss"]
[EventRounds "9"]
[EventCountry "ESP"]
[Source "lmi"]
[SourceDate "2003.11.21"]

1. e4 c5 2. Nf3 Nc6 3. d4 cxd4 4. Nxd4 g6 5. Nc3 Bg7 6. Be3 Nf6 7. Be2 O-O 8.
Nb3 b6 9. h4 d5 10. exd5 Nb4 11. Qd2 Bf5 12. Nd4 Rc8 13. Nxf5 gxf5 14. O-O
Nbxd5 15. Nxd5 Nxd5 16. Bh6 e6 17. c4 Nb4 18. Qf4 Bxh6 19. Qxh6 Qd4 20. Rad1
Qe5 21. a3 Nc2 22. Rd2 Nd4 23. Rfd1 Rfd8 24. Kh1 f4 25. Bf3 Rd6 26. b3 Rcd8 27.
Qg5+ Qxg5 28. hxg5 Nf5 29. Rxd6 Rxd6 30. Rxd6 Nxd6 31. Be2 Ne4 32. Kg1 Kf8 33.
Kf1 Nd2+ 34. Ke1 Nxb3 35. Bd3 Kg7 36. Bc2 Nd4 37. Bd3 e5 38. Kd2 Ne6 39. Kc3 a5
40. f3 Nc5 41. Bf5 h6 42. gxh6+ Kxh6 43. Kd2 Kg5 44. Bc2 Kf6 45. Ke2 Ke6 46.
Kf2 Kd6 47. g3 Ne6 48. gxf4 exf4 49. Be4 Kc5 50. Bd5 b5 51. cxb5 Kxd5 52. Ke2
Kc4 53. a4 Kc3 0-1

[Event "Benidorm 2003 - sub2300"]
[Site "Benidorm ESP"]
[Date "2003.11.22"]
[Round "2.23"]
[White "Gomez Benitez, David"]
[Black "Gonzalez Marrero, Jacob"]
[Result "0-1"]
[WhiteElo "2139"]
[BlackElo "2229"]
[PlyCount "130"]
[EventDate "2003.11.21"]
[EventType "swiss"]
[EventRounds "9"]
[EventCountry "ESP"]
[Source "lmi"]
[SourceDate "2003.11.21"]

1. e4 c5 2. Nc3 e6 3. f4 Nc6 4. Nf3 a6 5. a4 d5 6. g3 dxe4 7. Nxe4 Nf6 8. d3 b6
9. Bg2 Bb7 10. O-O Be7 11. Qe2 O-O 12. c3 Qc7 13. Ne5 Rad8 14. Bd2 Nxe4 15.
Bxe4 g6 16. Rae1 Bf6 17. g4 Bg7 18. g5 Nxe5 19. fxe5 Bc6 20. b3 Bxe4 21. Qxe4
Qd7 22. Rf3 Qd5 23. Qxd5 Rxd5 24. Bf4 Rfd8 25. Ree3 Bf8 26. c4 Rd4 27. Kf2 Be7
28. h4 h6 29. Kg3 h5 30. Kf2 b5 31. axb5 axb5 32. Re2 Rxd3 33. cxb5 Rxf3+ 34.
Kxf3 Rb8 35. Re3 Rxb5 36. Rd3 Kf8 37. Ke3 Ke8 38. Kf3 Bd8 39. Ke3 Ba5 40. Ke2
Bb4 41. Bg3 Ba3 42. Bf4 Bb2 43. Kf3 Rb4 44. Bg3 Bd4 45. Be1 Rb5 46. b4 Bxe5 47.
bxc5 Rxc5 48. Bd2 Rc4 49. Be1 Ke7 50. Ra3 Rf4+ 51. Ke3 Rc4 52. Kf3 Rc7 53. Ba5
Rd7 54. Rb3 f6 55. gxf6+ Kxf6 56. Be1 Rd1 57. Ke2 Rd4 58. Kf3 Kf5 59. Ra3 Bf6
60. Ra5+ e5 61. Bg3 Rd3+ 62. Kg2 Kg4 63. Bxe5 Rd2+ 64. Kf1 Bxe5 65. Rxe5 Kxh4
0-1

[Event "Benidorm 2003 - sub2300"]
[Site "Benidorm ESP"]
[Date "2003.11.22"]
[Round "2.24"]
[White "Cano Sanchez, Josue"]
[Black "Iglesias Valle, Enrique Rafael"]
[Result "1-0"]
[WhiteElo "2224"]
[BlackElo "2132"]
[PlyCount "137"]
[EventDate "2003.11.21"]
[EventType "swiss"]
[EventRounds "9"]
[EventCountry "ESP"]
[Source "lmi"]
[SourceDate "2003.11.21"]

1. d4 g6 2. Nf3 d5 3. c4 c6 4. e3 Bg7 5. Nc3 Nf6 6. Be2 O-O 7. O-O Bg4 8. b3 e6
9. h3 Bxf3 10. Bxf3 Nbd7 11. Bb2 Qa5 12. Qd2 dxc4 13. bxc4 e5 14. Qc2 exd4 15.
exd4 Rac8 16. Rfd1 b5 17. c5 a6 18. Qb3 Rfd8 19. a4 b4 20. Na2 Nd5 21. Bxd5
cxd5 22. Qxb4 Qxb4 23. Nxb4 Nxc5 24. dxc5 Bxb2 25. Ra2 Be5 26. Rc2 d4 27. Nd3
Rd5 28. Rb1 a5 29. Rb5 Bc7 30. Kf1 Kf8 31. Re2 Rd7 32. Re4 Re8 33. Re2 Rxe2 34.
Kxe2 Ke7 35. Nc1 d3+ 36. Nxd3 Rd4 37. Nb2 Kd7 38. Ke3 Rh4 39. Kd3 Kc6 40. Nc4
Kd5 41. c6+ Kxc6 42. Nxa5+ Bxa5 43. Rxa5 f5 44. Ra8 Kb7 45. Rh8 Kb6 46. Rd8
Rxa4 47. Rd7 Rh4 48. Rd4 Rh5 49. f4 Kc5 50. Ke3 Kc6 51. Kf3 Kc7 52. Rd2 Kc8 53.
Kg3 Kc7 54. h4 h6 55. Kh3 Kc6 56. g3 Kc7 57. Rh2 Kc6 58. Kg2 Kd5 59. Kf3 Ke6
60. Ke3 Kd5 61. Kf3 Ke6 62. Ke3 Kd5 63. Kd3 Kc5 64. Rh1 g5 65. Ke3 Kd5 66. Kf3
Ke6 67. Rh2 Kd5 68. Ra2 gxh4 69. g4 1-0

[Event "Benidorm 2003 - sub2300"]
[Site "Benidorm ESP"]
[Date "2003.11.22"]
[Round "2.25"]
[White "Reig Pinol, Armand"]
[Black "Radovanovic, Jovica"]
[Result "0-1"]
[WhiteElo "2124"]
[BlackElo "2219"]
[PlyCount "78"]
[EventDate "2003.11.21"]
[EventType "swiss"]
[EventRounds "9"]
[EventCountry "ESP"]
[Source "lmi"]
[SourceDate "2003.11.21"]

1. d4 Nf6 2. Nf3 g6 3. Nc3 d5 4. Bf4 Bg7 5. e3 O-O 6. Be2 c5 7. Ne5 Be6 8. h4
Nc6 9. h5 Rc8 10. hxg6 fxg6 11. Qd2 Nd7 12. Nf3 Nf6 13. O-O-O cxd4 14. exd4 Ne4
15. Nxe4 dxe4 16. Ng5 Nxd4 17. Nxe6 Nxe6 18. Qb4 Qb6 19. Qxb6 axb6 20. Be3 h5
21. Rh4 Nc5 22. g4 Bf6 23. Rh3 Nd3+ 24. Bxd3 exd3 25. Rxd3 hxg4 26. Rg3 Bh4 27.
Rxg4 Bxf2 28. Bxf2 Rxf2 29. c3 Rc6 30. Rd7 Re6 31. Rg1 Kf7 32. Rxb7 Kf6 33. Rb8
g5 34. Rg8 Ree2 35. R8xg5 Rc2+ 36. Kd1 Rxb2 37. Ke1 Rbe2+ 38. Kd1 Rxa2 39. Ke1
Rh2 0-1

[Event "Benidorm 2003 - sub2300"]
[Site "Benidorm ESP"]
[Date "2003.11.22"]
[Round "2.26"]
[White "Martinez Torho, Jorge"]
[Black "Torres Samper, Rafael"]
[Result "1-0"]
[WhiteElo "2218"]
[BlackElo "2119"]
[PlyCount "49"]
[EventDate "2003.11.21"]
[EventType "swiss"]
[EventRounds "9"]
[EventCountry "ESP"]
[Source "lmi"]
[SourceDate "2003.11.21"]

1. e4 c5 2. Nf3 d6 3. d4 cxd4 4. Nxd4 Nf6 5. Nc3 a6 6. f4 Qc7 7. Be3 Nbd7 8.
Bd3 e6 9. Qf3 b5 10. a3 Bb7 11. O-O Nc5 12. Rae1 d5 13. e5 Nfd7 14. Qh3 Be7 15.
f5 O-O-O 16. fxe6 fxe6 17. Nxe6 Nxe6 18. Qxe6 Qxe5 19. Qxe5 Nxe5 20. Bb6 Nxd3
21. Rxe7 Rd6 22. Bd4 Nxb2 23. Rff7 Bc6 24. Rc7+ Kd8 25. Bb6 1-0

[Event "Benidorm 2003 - sub2300"]
[Site "Benidorm ESP"]
[Date "2003.11.22"]
[Round "2.28"]
[White "Picazo Lopez, Juan Antonio"]
[Black "Celaya Tapiz, Jose Maria"]
[Result "1-0"]
[WhiteElo "2113"]
[BlackElo "2213"]
[PlyCount "95"]
[EventDate "2003.11.21"]
[EventType "swiss"]
[EventRounds "9"]
[EventCountry "ESP"]
[Source "lmi"]
[SourceDate "2003.11.21"]

1. d4 d5 2. c4 e6 3. cxd5 exd5 4. Nc3 Nf6 5. Bg5 Be7 6. Qc2 c6 7. e3 Bg4 8. Bd3
Nbd7 9. f3 Bh5 10. Nge2 Bg6 11. O-O Bxd3 12. Qxd3 O-O 13. Bh4 Re8 14. Bf2 Bd6
15. g4 Qe7 16. Rae1 h6 17. Ng3 Bxg3 18. Bxg3 Qe6 19. Rf2 Nb6 20. Rfe2 Qd7 21.
Rg2 Re7 22. Bh4 g5 23. Bg3 Rae8 24. h4 Nh7 25. Rh2 Kg7 26. Kg2 Nc4 27. Nd1 Qe6
28. b3 Nb6 29. Reh1 Rh8 30. hxg5 Nxg5 31. Bf4 f6 32. Nc3 Ree8 33. Ne2 Nc8 34.
Ng3 Ne7 35. a4 Reg8 36. Qc2 Kf7 37. Rxh6 Rxh6 38. Rxh6 Nxf3 39. Rh7+ Ke8 40.
Kxf3 Qxg4+ 41. Kf2 Ng6 42. Qf5 Qxf5 43. Nxf5 b5 44. Bc7 Rh8 45. Nd6+ Kf8 46.
Rxh8+ Nxh8 47. axb5 cxb5 48. Nxb5 1-0